A felsőfokú műszaki végzettséggel rendelkező vezetők munkahelyi sikerének, egészséges életvitelének, a beosztottak körében jelentkező fluktuáció mértékének és a munkahelyi hangulatnak a vizsgálata a személyiségvonás alapú érzelmi intelligenciával összefüggésben

Bibliográfiai részletek
Szerző: Balázs Viktória
További közreműködők: Göndör András
Dokumentumtípus: Záródolgozat
Kulcsszavak:Érzelmi
Intelligencia
TEIQue
Online Access:http://dolgozattar.uni-bge.hu/14508

MARC

LEADER 00000nta a2200000 i 4500
001 dolg14508
005 20171218105219.0
008 171218suuuu hu o 000 hun d
040 |a BGE Dolgozattár Repozitórium  |b hun 
041 |a hu 
100 1 |a Balázs Viktória 
245 1 2 |a A felsőfokú műszaki végzettséggel rendelkező vezetők munkahelyi sikerének, egészséges életvitelének, a beosztottak körében jelentkező fluktuáció mértékének és a munkahelyi hangulatnak a vizsgálata a személyiségvonás alapú érzelmi intelligenciával összefüggésben  |c Balázs Viktória  |h [elektronikus dokumentum] 
516 |a Final_paper 
695 |a Érzelmi 
695 |a Intelligencia 
695 |a TEIQue 
700 1 |a Göndör András  |e ths 
856 4 0 |u http://dolgozattar.uni-bge.hu/14508/1/Szakdolgozat_Bal%C3%A1zs_Vikt%C3%B3ria_2017.12.17..pdf  |z Dokumentum-elérés 
856 4 0 |u http://dolgozattar.uni-bge.hu/14508/2/Nyilatkozat_Bal%C3%A1zs_Vikt%C3%B3ria_2017.12.17..pdf  |z Dokumentum-elérés